Valjutnyj rynok i operacii s inostrannoj valjutoj.

Kontrola štátu nad menovým trhom prostredníctvom centrálnej banky. Sústava vzťahov na menovom trhu. Organizácia obchodu so zahraničnou menou. Kótovanie zahraničnej meny - metóda určenia a zverejnenia menového kurzu.

Saved in:
Bibliographic Details
Main Author: Vasil'jeva, I.
Format: Book Chapter
Language:Russian
Subjects:
Tags: Add Tag
No Tags, Be the first to tag this record!

MARC

LEADER 00000naa a2200000 4500
001 r005392
005 20221208123347.1
041 0 |a rus 
044 |a [SU] 
245 1 0 |a Valjutnyj rynok i operacii s inostrannoj valjutoj.  |c I. Vasil'jeva 
520 |a Kontrola štátu nad menovým trhom prostredníctvom centrálnej banky. Sústava vzťahov na menovom trhu. Organizácia obchodu so zahraničnou menou. Kótovanie zahraničnej meny - metóda určenia a zverejnenia menového kurzu. 
610 2 0 |a trh peňažný 
610 2 0 |a banky emisné 
610 2 0 |a kurz menový 
610 2 0 |a mena 
610 2 0 |a kontrola štátna 
610 2 0 |a trh devízový 
100 1 |a Vasil'jeva, I.